书目信息 |
| 书名: | Naughty neighbor | |
| 作者: | Janet Evanovich | |
| 分册号: | ||
| 分册名: | 出版地: | Amrica |
|
| 出版社: | Harper | |
| 出版时间: | 2008 | |
| 页数: | 229p | |
| 开本: | 16cm | |
| 丛书名: | ||
| 中图分类号: | ||
| 科图分类号: | ||
| 其他分类号: | I712.45 | |
| 主题词: | ||
| 电子资源: | ||
| 000 | 00381nam0 2200145 450 | |
| 001 | 202012197995 | |
| 005 | 20121108090107.0 | |
| 008 | 20010101s | |
| 020 | @a978-0-06-059892-1@c$7.99 | |
| 099 | @dI712.45@eJ2546 | |
| 245 | 10 | @aNaughty neighbor @cJanet Evanovich |
| 260 | 0 | @aAmrica@bHarper@c2008 |
| 300 | @a229p@c16cm | |
| 905 | @b009291 | |
| 905 | @aTSG@dI712.45@eJ2546 | |
| Naughty neighbor / Janet Evanovich.-Amrica : Harper , 2008 |
| 229p ; 16cm |
| ISBN 978-0-06-059892-1$7.99 |
| ● |
| 相关链接 |
|
|
|
正题名:Naughty neighbor
索取号:I712.45/J2546
 
预约/预借
| 序号 | 登录号 | 条形码 | 馆藏地/架位号 | 状态 | 备注 |
| 1 | 9291 | 300092913 | 文学库116/400A自科库 21排3列5层/ [索取号:I712.45/J2546] | 在馆 |